Statistics for Countries that have literally one island

Click here to take the quiz!

General Stats

  • This quiz has been taken 89 times
  • The average score is 2 of 8

Answer Stats

HintAnswer% Correct
Countries entirely made up of one islandFormerly known as Pleasant IslandNauru
72%
Countries entirely made up of one islandName means 'The Bearded'Barbados
66%
Countries with just one islandMbamuRepublic of the Congo
22%
Countries with just one islandBushrod IslandLiberia
21%
Countries with just one islandUnnamed islandSlovenia
16%
Countries with just one islandMougambiGabon
13%
Country that used to have an islandTesterepBelgium
13%
Countries with just one islandOgurja AdaTurkmenistan
10%

Score Distribution

Percentile by Number Answered

Percent of People with Each Score

Your Score History

You have not taken this quiz